Tratado de la tolerancia

Salvato in:
Dettagli Bibliografici
Autore principale: Voltaire (Autore)
Natura: Libro
Lingua:spagnolo
Pubblicazione: Barcelona Crítica 1999
Serie:Biblioteca de Bolsillo
Soggetti:
Tags: Aggiungi Tag
Nessun Tag, puoi essere il primo ad aggiungerne!!

MARC

LEADER 00000nam a2200000 a 4500
001 UCN9581
003 CL-VaPUC
008 011207e19990000SP |||||||||||||||||spa|d
082 0 4 |a 179.9  |b VOL  |2 21 
100 0 |a Voltaire  |e author  |9 314050 
245 1 0 |a Tratado de la tolerancia 
300 |a 174 p 
942 |c BK 
945 |d 20011207 00:00:00  |a crobeson 
260 |a Barcelona  |b Crítica  |c 1999 
650 0 |a Tolerancia  |9 313098 
650 0 |a Virtudes morales  |9 401916 
650 0 |a Filosofía moral   |9 310115 
650 0 |a Ilustración   |9 313124 
583 |a last modification  |c 20011207 00:00:00  |k Rodrigo Vera 
490 0 |a Biblioteca de Bolsillo 
999 |c 298890  |d 298888 
952 |0 0  |1 2  |4 0  |6 179_900000000000000_VOL_1999  |7 0  |8 A  |9 354885  |a BIBTEO  |b BIBTEO  |d 2019-11-21  |i 3781984  |o 179.9 VOL 1999  |p 3781984  |r 2019-11-21  |w 2019-11-21  |y BK  |k ICR